| 000 | 00943cam a2200313 i 4500 | ||
|---|---|---|---|
| 001 | 200463945 | ||
| 003 | TR-AnTOB | ||
| 005 | 20250617141731.0 | ||
| 007 | ta | ||
| 008 | 030421s2002 tu 000 1 tur d | ||
| 020 | _a975458415X | ||
| 040 |
_aBGZ _beng _erda _cTR-AnTOB |
||
| 041 | 0 | _atur | |
| 050 | 4 |
_aPL248.B574 _bG654 2002 |
|
| 090 |
_aPL248.B574 _bG654 2002 |
||
| 100 | 1 |
_aBirgül, Cahide, _d1956- _eauthor _9148093 |
|
| 245 | 1 | 0 |
_aGölgeler çekildiğinde / _cCahide Birgül. |
| 250 | _aBirinci Basım Aralık 2002 | ||
| 264 | 1 |
_aİstanbul : _bTürkiye İş Bankası Kültür yayınları, _c2002. |
|
| 300 |
_a172 pages ; _c20 cm |
||
| 336 |
_atext _btxt _2rdacontent |
||
| 337 |
_aunmediated _bn _2rdamedia |
||
| 338 |
_avolume _bnc _2rdacarrier |
||
| 490 | 0 |
_aGenel yayın ; _v653 _aEdebiyat dizisi ; _v255 |
|
| 590 | _aORDER 2003 | ||
| 650 | 7 |
_aTürk romanı _2etuturkob _99421 |
|
| 942 |
_2lcc _cBK |
||
| 999 |
_c200463945 _d82157 |
||